The fly on the wall. (Record no. 1336)

MARC details
000 -LEADER
fixed length control field 00709cam a2200253 4500
005 - DATE AND TIME OF LATEST TRANSACTION
control field 20260322212056.0
008 - FIXED-LENGTH DATA ELEMENTS--GENERAL INFORMATION
fixed length control field data
010 ## - LIBRARY OF CONGRESS CONTROL NUMBER
LC control number 78156575
020 ## - INTERNATIONAL STANDARD BOOK NUMBER
International Standard Book Number 0816153825
020 ## - INTERNATIONAL STANDARD BOOK NUMBER
International Standard Book Number 9780816153824
040 ## - CATALOGING SOURCE
Original cataloging agency DLC
Transcribing agency DLC
Modifying agency OCoLC
-- OCoLC
050 00 - LIBRARY OF CONGRESS CALL NUMBER
Classification number PS3558.I45
Item number Fl
Classification number PS3558.I45
082 00 - DEWEY DECIMAL CLASSIFICATION NUMBER
Classification number 813/.5/4
001 - CONTROL NUMBER
control field data
100 1# - MAIN ENTRY--PERSONAL NAME
Personal name Hillerman, Tony.
245 14 - TITLE STATEMENT
Title The fly on the wall.
Statement of responsibility, etc. Tony Hillerman.
250 ## - EDITION STATEMENT
Edition statement [1st ed.]
260 ## - PUBLICATION, DISTRIBUTION, ETC.
Place of publication, distribution, etc. Boston, Massachusetts
Name of publisher, distributor, etc. G.K. Hall & Co.,
Date of publication, distribution, etc. [1971],1992.
300 ## - PHYSICAL DESCRIPTION
Extent 332 p.
Dimensions 21 cm.
350 ## - PRICE (NR) (BK AM CF MU VM SE) [OBSOLETE]
Price {dollar}5.95
500 ## - GENERAL NOTE
General note "A Joan Kahn--Harper novel of suspense."
650 #0 - SUBJECT ADDED ENTRY--TOPICAL TERM
Topical term or geographic name entry element Detective and mystery stories
655 #7 - INDEX TERM--GENRE/FORM
Genre/form data or focus term Detective and mystery stories.
Source of term gsafd
Holdings
Withdrawn status Lost status Damaged status Not for loan Home library Current library Shelving location Date acquired Total checkouts Full call number Barcode Date last seen Price effective from Koha item type
        Fairview Fairview General stacks 22/03/2026   813/.5/4 BC0011379 22/03/2026 22/03/2026 Books